000 00736nam a2200229 a 4500
001 000021448
005 20240530073919.0
008 100908s2002 dr 000 f spa d
020 _a9993420123
040 _aDO-SdBNP
_bspa
_cBNPHU
082 _aRD863.44
_bL789p, 2005
100 1 _aLizardo Lasocé, Luis Francisco
_944743
245 1 0 _aPalma Sola :
_bla tragedia de un pueblo /
_cLuis Francisco Lizardo Lasocé.
250 _a5a ed.
260 _aSanto Domingo :
_bManatí,
_c2002.
300 _a107 p. ;
_c21 cm.
500 _aIncluye datos biográficos del autor en la contracubierta
500 _aIncluye nota al pie de páginas
650 0 _aNovela dominicana
_9223
650 0 _aLiteratura dominicana.
_967
049 _aBNPD
999 _c20948
_d20948